| 000 | 00795nam a2200229 u 4500 | ||
|---|---|---|---|
| 001 | 000632786 | ||
| 003 | AM-YeHGA | ||
| 005 | 20250617140516.0 | ||
| 008 | 090217s1982 ||||||||||||||||||||rus|c | ||
| 040 | _aAM-YeHGA | ||
| 041 | 0 | _arus | |
| 245 | 0 | 0 |
_aАгат / _cАвт. стат. В. Черных ; Сост. В. Семенов. |
| 246 | 1 | 5 | _aAgate |
| 260 |
_aСвердловск : _bСред.-Урал. кн. изд-во, _c1982. |
||
| 300 |
_a160 с. : _bил. |
||
| 440 | 0 | _aКамни Урала | |
| 650 | 1 | 4 | _aИзобразительное искусство |
| 653 | 0 | _aКамни | |
| 700 | 1 |
_aЧерных, Валерий Никифорович _eавт. стат. _4aui |
|
| 700 | 1 |
_aСеменов, Владислав Борисович _eсост. _4com |
|
| 090 | _c222748 | ||
| 999 |
_c221216 _d221216 |
||